| 000 | 00363nam a2200157Ia 4500 | ||
|---|---|---|---|
| 008 | 230917s9999||||xx |||||||||||||| ||und|| | ||
| 040 |
_e39216 _aMAIN |
||
| 041 | _aEnglish | ||
| 082 | _a822.09 G357J | ||
| 100 | _aGibbons, Brian | ||
| 245 | 0 | _aJaconean city comedy | |
| 250 | _a2nd ed. | ||
| 260 |
_aLondon _bMethuen _c1980 |
||
| 300 | _a190 p. | ||
| 942 | _cBK | ||
| 999 |
_c219816 _d219816 |
||